A dictionary of modern written Arabic :

محفوظ في:

المؤلف الرئيسي: Wehr, Hans.

التنسيق: كتاب

اللغة: Undetermined

منشور في: Ithaca, N. Y. : Spoken Language Services, 1974.

الموضوعات:

الوسوم: إضافة وسم

لا توجد وسوم, كن أول من يضع وسما على هذه التسجيلة!

رقم الطلب: (Ref.)PJ6640 .W43 1974

LEADER 00525nam a2200169Ia 4500
005 20251230082454.0
008 251230t1974||||xx |||||||||||||| ||und||
020 |a 879500018 
050 1 4 |a (Ref.)PJ6640  |b .W43 1974 
100 1 |a Wehr, Hans. 
245 1 2 |a A dictionary of modern written Arabic : 
264 1 |a Ithaca, N. Y. :  |b Spoken Language Services,  |c 1974. 
300 |a xvii, 1110p. :  |b  ;  |c 16cm. 
504 |a Cover title: Arabic-English dictionary. 
650 4 |a Arabic language Dictionaries English. 
942 |2 lcc 
999 |c 48835  |d 48835